Wer bin ich? Fußballer erkennen #2 Schwer - Statistiken

Allgemein
  • Dieses Quiz wurde 50 mal gespielt
  • Das Durchschnittsergebnis liegt bei 4 aus 10
Antwortstatistiken
Vereine Gesuchter Spieler % Korrekt
2 Boca Juniors
Corinthians São Paulo
West Ham United
→ Manchester United (Leihe)
Manchester City
Juventus Turin
Shanghai Shenhua
Carlos Tevez
75%
6
Rosenborg Trondheim
FK Bodø/Glimt FC Groningen FC Midtjylland
Crystal Palace
KAA Gent Trabzonspor
RB Leipzig
Real Sociedad
FC Villarreal
Atlético Madrid
Alexander Sorloth
65%
1
Paris Saint-Germain
FC Arsenal
Real Madrid
FC Liverpool
Manchester City
Fenerbahçe Istanbul
Bolton Wanderers
FC Chelsea
Shanghai Shenhua
Juventus Turin
West Bromwich Albion
Mumbai City
Nicolas Anelka
53%
4 FC Metz
Olympique Lyon
AS Rom
Juventus Turin
FC Barcelona
Beşiktaş Istanbul Sharjah FC
Miralem Pjanic
38%
10 Ajax Amsterdam Hamburger SV Manchester City AC Mailand LA Galaxy Galatasaray Istanbul 1. FSV Mainz 05 Al-Ahli SC al-Shahania SC Nigel de Jong
28%
7 Benfica Lissabon
Paris Saint-Germain
FC Valencia
Wolverhampton Wanderers
FC Villarreal
Concalo Guedes
23%
3 Ajax Amsterdam AC Mailand FC Barcelona Newcastle United FC Valencia PSV Eindhoven OSC Lille Patrick Kluivert
23%
9 Nagoya Grampus Eight
VVV-Venlo ZSKA Moskau AC Mailand CF Pachuca Melbourne Victory Vitesse Arnheim Botafogo FR Neftçi Baku FK Sūduva
Keisuke Honda
20%
8 AS Denguélé
Kashiwa Reysol
Tokushima Vortis
BSC Young Boys
ZSKA Moskau
AS Rom
ZSKA Moskau Newcastle United FC Basel Sporting Lissabon
FC Girona
FC Sion
Ħamrun Spartans
Seydou Doumbia
15%
5
Manchester City
FC Chelsea
Bolton Wanderers
FC Liverpool
West Bromwich Albion
Trabzonspor
Perth Glory
Daniel Sturridge
13%
Keine übereinstimmenden Quizze gefunden
Verteilung der Resultate
Anzahl Personen mit jedem Resultat
Perzentil nach korrekt beantworteten Fragen
Ihre Resultats-Entwicklung
Sie haben dieses Quiz noch nicht gespielt